Province Quiz - KwaZulu-Natal - Statistics

General Stats
  • This quiz has been taken 6 times
  • The average score is 15 of 20
Answer Stats
Hint Answer % Correct
Most populous city Durban
100%
Foreign countries that border KwaZulu-Natal Eswatini
100%
Foreign countries that border KwaZulu-Natal Lesotho
100%
Foreign countries that border KwaZulu-Natal Mozambique
100%
In 1962, this famous person was arrested just outside of Howick Nelson Mandela
100%
King who brought strict discipline and military tactics to the Zulus Shaka Zulu
100%
Portuguese explorer who sailed past KwaZulu-Natal in 1497 Vasco da Gama
100%
Mountain range in the west Drakensberg
83%
Three bordering provinces Eastern Cape
83%
Immigrants and laborers from this country created the dish "bunny chow" India
83%
South African president born in Nkandla Jacob Zuma
83%
Holiday in which that explorer spotted the KwaZulu-Natal coast (think of the province's name) Christmas
67%
Core lake of the iSimangaliso Wetland Park (hint: also a country name) Lake St. {Lucia}
67%
Three bordering provinces Mpumalanga
67%
Third largest city, with the same name as a city in northern England Newcastle
67%
Three bordering provinces Free State
50%
Capital city Pietermaritzburg
50%
Port city with the largest coal exporting terminal in Africa {Richard}s Bay
50%
Highest mountain peak in South Africa Mafadi
33%
Second tallest waterfall in the world {Tugela} Falls
33%
No matching quizzes found
Score Distribution
Percent of People with Each Score
Percentile by Number Answered
Your Score History
You have not taken this quiz